000 00792nam a22002057a 4500
999 _c17601
_d17601
003 AR-CdUCM
008 190509b ||||| |||| 00| 0 spa d
040 _aMUNICIPALIDAD PROVINCIAL DEL CUSCO
_cBIBLIOTECA MUNICIPAL DEL CUSCO
082 _a301.364 /
_bW25
100 _aWard, Barbara
_96162
245 _aLa morada del hombre /
260 _aMéxico :
_bFondo de Cultura Económica,
_c1976.
300 _a502 paginas ;
_c18 cm.
505 _aContenido :La llegada a la ciudad --Hacia el siglo XX --El orden tecnológico --Los asentamientos del mundo pobre --Problemas de administración --La cuidad universal /
650 _aUrbanismo (Sociología)
_937716
650 _aEcología humana
_914285
650 _aPolítica social
_94012
942 _2ddc
_cLIBROS
945 _arjall
_d2019-05-09